00704nam a2200181 a 450000100100000000500170001000800410002704000250006808200160009310000290010924500740013826000360021230000200024850001140026804900090038295201140039199900170050500002918620200930055401.0110412s1998 dr 000 0 spa d aDO-SdBNPbspacBNPHU axxxxbN127a1 aNadal Salas, Pablo9515413aEl administrador de empresas para el siglo XXI. /cPablo Nadal Salas. aSanto Domingo :bTiempo,c1998. a14 p. ;c22 cm. aConferencia en la Universidad Nacional Pedro Henríquez Ureña (UNPHU) dictada el día 23 de abril de 1997 aBNPD 0010718PDaPDbPDcCTd2011-04-14iLF1l0oxxxx N127ap29186-10r2020-06-25w2020-06-25yLFPDZNo se presta c28678d28678